U.S. States by First Letter and Clue - Statistics

General Stats
  • This quiz has been taken 39,698 times
  • The average score is 13 of 50
Answer Stats
Clue State % Correct
The largest state by area Alaska
38%
The smallest state Rhode Island
38%
"The Lone Star State" Texas
37%
"The Grand Canyon State" Arizona
35%
Little Rock is its capital Arkansas
35%
Has the highest population California
35%
Has four i's in its name Mississippi
35%
Has four letters. The last letter is A. Iowa
34%
Northernmost state in New England Maine
33%
Almost heaven, according to the song "Country Roads" West Virginia
33%
The humuhumunukunukuapua is its state fish Hawaii
32%
Borders Maine New Hampshire
32%
Home to Mount Rushmore South Dakota
32%
Where jazz music started Louisiana
31%
Where the Salem witch trials happened Massachusetts
31%
Mobile, Huntsville, and Tuscaloosa are three of its largest cities Alabama
29%
Drive west from Colorado and you will be here Utah
28%
Where Starbucks started Washington
28%
GM and Ford are headquartered here Michigan
27%
The Hudson River flows by this state's capital New York
27%
Gettysburg is here Pennsylvania
27%
Has most of Yellowstone Wyoming
27%
Donated the territory that is today Washington D.C. Maryland
26%
The birthplace of 4 of the first 5 U.S. Presidents Virginia
26%
Dolly Parton's home state Tennessee
25%
Billings is its biggest city Montana
24%
Princeton is its oldest university New Jersey
24%
Site of the first airplane flight North Carolina
24%
The Cornhusker State Nebraska
23%
Where "South Park" is set Colorado
22%
The first state to ratify the Constitution Delaware
22%
Southernmost of the original thirteen states Georgia
22%
Borders Lake Superior but no other Great Lakes Minnesota
22%
J. Robert Oppenheimer lived here from 1943–1945 New Mexico
22%
Its three largest cities all start with C Ohio
22%
Borders Manitoba and Saskatchewan North Dakota
21%
Where the Trail of Tears ended Oklahoma
21%
Its capital is named for the fourth President Wisconsin
21%
Located just to the north of Long Island Sound Connecticut
20%
"Home Alone" happened here Illinois
20%
Where Superman grew up Kansas
19%
Where Tupac was shot Nevada
19%
Home to Nike headquarters Oregon
19%
Cities include Muncie, Kokomo, and Terre Haute Indiana
17%
Churchill Downs is its largest sporting venue Kentucky
17%
Where Fort Sumter is located South Carolina
17%
Lake Okeechobee is here Florida
16%
Where Mark Twain was born Missouri
15%
The Snake River flows through the entire state from east to west Idaho
12%
Admitted to the Union in 1791 as the 14th state Vermont
10%
No matching quizzes found
Score Distribution
Percent of People with Each Score
Percentile by Number Answered
Your Score History
You have not taken this quiz